Statistiche per Riconosci il Pokémon - Quiz n°7

Clicka qui per fare il quiz!

Statistiche generali

  • Questo quiz è stato fatto 2 volte
  • Il punteggio medio è 4 su 10

Statistiche sulle risposte

IndizioRisposta% Corretto
GenerazioneSettima
100%
Peso108,0 kg
50%
Altezza2,0 m
50%
Sesso50% ♂, 50% ♀
50%
AbilitàPassoindietro
50%
Stadio evoluzionePrima evoluzione
50%
TipoSpettro / Acqua
50%
Tasso di cattura45 (11.9%)
0%
PokémonGolisopod
0%
Tasso di allevamentoMedio-Veloce
0%

Distribuzione punteggi

Percentile per numero di risposta

Percentuale di utenti per punteggio

I tuoi punteggi nel tempo

Non hai fatto questo quiz